The Writer's book of checklists : the quick-reference guide to essential information every writer needs..
| Main Author: | |
|---|---|
| Format: | Book |
| Published: |
Cincinnati:
Writer's Digest Books,
1991.
|
| Subjects: |
| LEADER | 00502cam a2200157 7i4500 | ||
|---|---|---|---|
| 001 | 0000003990 | ||
| 005 | 19991025090000.0 | ||
| 002 | ##000005429 | ||
| 020 | 0 | 0 | |a 0-89879-454-4 |
| 090 | 0 | 0 | |a B 808.02 |b EDE |
| 100 | 0 | 0 | |a Edelstein |
| 245 | 0 | 0 | |a The Writer's book of checklists : |b the quick-reference guide to essential information every writer needs.. |
| 260 | 0 | 0 | |a Cincinnati: |b Writer's Digest Books, |c 1991. |
| 300 | 0 | 0 | |a 213 p.. |
| 650 | 0 | 0 | |a Authorship |
| 999 | |a 0000006499 |b Book |c Open shelf |e Business Information Centre | ||


